|
|
|
|
| LEADER |
00968nam a2200289 4500 |
| 001 |
DLU090084239 |
| 005 |
##20091105 |
| 040 |
# |
# |
|a DLU
|b vie
|
| 041 |
# |
# |
|a vie
|
| 044 |
# |
# |
|a vn
|
| 100 |
# |
# |
|a Phạm Văn Lang,
|c GS.TSKH.
|
| 245 |
# |
# |
|a So sánh, lựa chọn phương án cơ giới hóa khâu gieo và cấy lúa nước ở các vùng sản xuất /
|c Phạm Văn Lang, Phạm Hồng Sơn, Đỗ Thị Tám.
|
| 653 |
# |
# |
|a Công nghiệp nông thôn
|
| 653 |
# |
# |
|a Cơ khí nông nghiệp
|
| 653 |
# |
# |
|a Máy nông cụ
|
| 700 |
# |
# |
|a Đỗ Thị Tám.
|
| 700 |
# |
# |
|a Phạm Hồng Sơn.
|
| 773 |
# |
# |
|t Nông nghiệp và phát triển nông thôn
|g Số 9(126), 2008, tr. 60-63
|
| 920 |
# |
# |
|a Phòng Tạp chí -- Trung tâm Thông tin - Thư viện Trường Đại học Đà Lạt
|
| 994 |
# |
# |
|a DLU
|
| 900 |
# |
# |
|a True
|
| 911 |
# |
# |
|a Nguyễn Thị Linh Chi
|
| 925 |
# |
# |
|a G
|
| 926 |
# |
# |
|a A
|
| 927 |
# |
# |
|a BB
|
| 980 |
# |
# |
|a Thư viện Trường Đại học Đà Lạt
|